00218nam a2200097Ia 4500008004100000100000900041245001700050260002900067942000700096999001700103190216s9999||||xx |||||||||||||| ||und|| aNull 0aHindi-Jaalib bMac Millian And Com. Ltd cBK c17583d17583